| 000 | 00660nam a2200253Ia 4500 | ||
|---|---|---|---|
| 003 | OSt | ||
| 005 | 20220918185124.0 | ||
| 006 | a|||||r|||| 00| 0 | ||
| 007 | ta | ||
| 008 | 220917b |||||||| |||| 00| 0 eng d | ||
| 024 | _a49,670 | ||
| 037 | _cTextual | ||
| 040 |
_aARTS _cARTS _beng |
||
| 041 |
_2eng _aeng |
||
| 082 | _aP,4:3, M9 | ||
| 100 |
_aBaltin M R _967883 |
||
| 245 | 0 | _aAlternative coceptions of phrase structure | |
| 260 |
_aChicago _bC U P _c1989 |
||
| 300 |
_axi, 315p. _ccm. |
||
| 650 | _aLINGUISTICS | ||
| 700 |
_a Kroch A S _967884 |
||
| 942 |
_hP,4:3, M9 _cTEXL _2CC |
||
| 999 |
_c179292 _d179292 |
||